Statistiques concernant Personnages de Vikings par images

Cliquez ici pour prendre le quiz!

Statistiques générales

  • Ce quiz a été pris 85 fois
  • Le résultat moyen est 9 sur 16

Statistiques - réponses

Réponse% Correct
Ragnar
97%
Lagertha
94%
Floki
93%
Bjorn
90%
Ivar
90%
Rollo
85%
Ubbe
67%
Athelstan
63%
Sigurd
57%
Hvitserk
52%
Harald
46%
Torvi
33%
Aslaug
28%
Harbard
15%
Jarl Haraldson
15%
Gunnhild
9%

Distribution des résultats

Percentile par nombre de réponses

% des personnes avec chaque résultat

Votre développement - résultats

Vous n’avez pas pris ce quiz